000
00321nam a22001337a 4500
003
OSt
005
20231128143852.0
008
231128b |||||||| |||| 00| 0 eng d
040
_c
CO-JMCR
082
_a
A /
_b
GUEd
100
_a
Guebel Daniel
_e
autor
_9
42993
245
_a
El absoluto /
_c
Daniel Guebel
942
_2
ddc
_c
BK
999
_c
30406
_d
16790